16 Little Mythology Pictograms Quiz Stats

 Plays Quiz Updated Feb 20, 2018

Challenge
Share
Tweet
Score 0/16 Timer 06:00
38 Plays Today
Hint Answer % Correct
Unicorn
93.7%
Pandora
88.8%
Harpy
86.3%
Hades
82.9%
Aphrodite
80%
Chronos
68.9%
Helios
68.7%
Loki
64.3%
Hint Answer % Correct
Pygmalion
58%
Medusa
57.5%
Odin
56.6%
Vulcan
54.4%
Centaur
49.3%
Hera
47.9%
Faun
45%
Manticore
41.2%

You're not logged in!

Compare scores with friends on all Sporcle quizzes.
Join for Free
OR
Log In

You Might Also Like...

Show Comments

Extras

Top Quizzes Today


Score Distribution

Your Account Isn't Verified!

In order to create a playlist on Sporcle, you need to verify the email address you used during registration. Go to your Sporcle Settings to finish the process.

Report this User

Report this user for behavior that violates our Community Guidelines.

Details: